[Event "LTU-chT"]
[Site "Vilnius"]
[Date "2013.03.11"]
[Round "7.4"]
[White "Ivanauskas, Raimundas"]
[Black "Velioniskis, Robertas"]
[Result "0-1"]
[WhiteElo "1729"]
[BlackElo "1981"]
[PlyCount "104"]
[EventDate "2013.01.19"]
[EventType "team-swiss"]
[EventRounds "7"]
[EventCountry "LTU"]
[SourceTitle "EXT 2014"]
[Source "ChessBase"]
[SourceDate "2013.11.20"]
[SourceVersion "1"]
[SourceVersionDate "2013.11.20"]
[SourceQuality "1"]
[WhiteTeam "Rokiskis"]
[BlackTeam "Marijampole Suduva"]
[WhiteTeamCountry "LTU"]
[BlackTeamCountry "LTU"]

1. e4 d5 2. exd5 Qxd5 3. Qf3 Qd6 4. Nc3 a6 5. Bc4 e6 6. d3 Nc6 7. Nge2 Ne5 8. Qf4 Nxc4 9. Qxc4 Nf6 10. Bg5 b5 11. Qd4 Qxd4 12. Nxd4 Bb7 13. f3 Bd6 14. Ne4 Be5 15. c3 h6 16. Nxf6+ gxf6 17. Be3 h5 18. Nb3 Rg8 19. Kf2 f5 20. Rae1 Bd5 21. Bd4 Bd6 22. Nc1 a5 23. Be5 a4 24. a3 Kd7 25. Bxd6 Kxd6 26. Ne2 e5 27. Ng3 f4 28. Nxh5 Rg6 29. g4 c5 30. d4 cxd4 31. cxd4 exd4 32. Nxf4 Rf6 33. Nxd5 Kxd5 34. h4 Rc6 35. Re2 d3 36. Rd1 Kc4 37. Rc1+ Kb3 38. Rxc6 dxe2 39. Rb6 Re8 40. Rxb5+ Kc4 41. Rb4+ Kd3 42. Ke1 Rc8 43. Re4 Rc1+ 44. Kf2 Rf1+ 45. Kg3 e1Q+ 46. Rxe1 Rxe1 47. Kf4 Kc2 48. h5 Kxb2 49. Kf5 Kxa3 50. g5 Kb4 51. g6 fxg6+ 52. hxg6 a3 0-1